000 00339nam a2200097Ia 4500
008 220120s9999||||xx |||||||||||||| ||und||
100 _aRamamurthy, M, Monnappa
_912283
245 0 _aRF based fire alaram system with emergency path dispaly
260 _aCoorg Institute of Technology
_bPonnampet
_c2007
650 _aELECTRONICS AND COMMUNICATIONS
999 _c137869
_d137869